Nuclear Politics : (Record no. 185658)

000 -LEADER
fixed length control field 01288 a2200181 4500
003 - CONTROL NUMBER IDENTIFIER
control field NUST
005 - DATE AND TIME OF LATEST TRANSACTION
control field 20221227170518.0
040 ## - CATALOGING SOURCE
Transcribing agency Nust
082 ## - DEWEY DECIMAL CLASSIFICATION NUMBER
Classification number 355.0217,NUC
100 ## - MAIN ENTRY--PERSONAL NAME
Personal name Gerson da Costa
9 (RLIN) 79825
245 ## - TITLE STATEMENT
Title Nuclear Politics :
Remainder of title destruction and disarmament in a dangerous world /
Statement of responsibility, etc. Edited by Gerson Da Costa
260 ## - PUBLICATION, DISTRIBUTION, ETC.
Place of publication, distribution, etc. New Delhi
Name of publisher, distributor, etc. Army Edu Press
Date of publication, distribution, etc. 2000
300 ## - PHYSICAL DESCRIPTION
Extent 320 p.;
505 ## - FORMATTED CONTENTS NOTE
Formatted contents note Major Issues in Perspective : An Introduction (Page-1), Post-war Politics : Ideology and National Interest (Page-22), New World Order and Balance –of – Power Politics (Page-49), The United States and World Military Supremacy (Page-88), Strategic Mobility : Logistics of US Armed US armed Forces (Page-108), Third World War: Ballistic Missile Strikes and Human Survival (Page-148), Nuclear Politics : Deterrence and Diplomacy in a Dangerous World (Page-173), Missile Defense : An Appraisal in Country Perspective (Page-194), Political E Economy of Weapons Market Profit Before Peace (Page-216), South Asian Weapons Perspective India s Missile Program me (Page-233), Agenda for Disarmament (Page-254), Threat Perception and Response Nuclear Forces in Australia (Page-275).
600 ## - SUBJECT ADDED ENTRY--PERSONAL NAME
Personal name Gerson Da Costa
9 (RLIN) 79825
650 ## - SUBJECT ADDED ENTRY--TOPICAL TERM
Topical term or geographic name entry element Nuclear Politics
9 (RLIN) 106096
942 ## - ADDED ENTRY ELEMENTS (KOHA)
Source of classification or shelving scheme
Koha item type Book
Call number prefix 355.0217,NUC
Holdings
Withdrawn status Lost status Source of classification or shelving scheme Damaged status Not for loan Permanent Location Current Location Shelving location Date acquired Full call number Barcode Date last seen Price effective from Koha item type Public note Total Checkouts
          Military College of Signals (MCS) Military College of Signals (MCS) General Stacks 12/12/2016 355.0217,NUC MCS27980 12/08/2016 12/12/2016 Book Almirah No.52, Shelf No.4  
          Military College of Signals (MCS) Military College of Signals (MCS) General Stacks 12/12/2016 355.0217,NUC MCS27982 12/08/2016 12/12/2016 Book Almirah No.52, Shelf No.4  
          Military College of Signals (MCS) Military College of Signals (MCS) General Stacks 12/12/2016 355.0217,NUC MCS27983 12/08/2016 12/12/2016 Book Almirah No.52, Shelf No.4  
          Military College of Signals (MCS) Military College of Signals (MCS) General Stacks 03/07/2023 355.0217,NUC MCS27981 03/07/2023 03/07/2023 Book Almirah No.73, Shelf No.8  
© 2023 Central Library, National University of Sciences and Technology. All Rights Reserved.